000 01365nam a2200277Ia 4500
999 _c4946
_d4946
003 OSt
005 20200406131455.0
008 191128s2008 ck gr 001 0 spa d
020 _a9787588378091
040 _aCO-JMCR
_cCO-JMCR
041 0 _aspa
082 0 4 _a174.4 /
_bM672e
100 1 _aBarbosa Ramírez, David,
_eautor
_92532
245 1 0 _aÉtica y entornos del directivo de agencia estatal /
_cDavid Barbosa Ramirez, Jaime Moreno Escobar
250 _aPrimera edición
260 _aBogotá :
_bUniversidad del Rosario,
_c2008
300 _a151 páginas ;
_c24 cm.
490 0 _aColección lecciones de administración
505 _aPropuesta inicial, razón de su transformación y metodología -- Dimensiones de la ética -- El ámbito del directivo de agencia estatal (DAE) y el ámbito del directivo de empresa privada (DEP) -- Supuestos teóricos, reflexión y formulación de hipótesis
520 _aEste texto es un estudio comparado entre los ámbitos de los directivos de agencia estatal y los de la empresa privada desde la ética, en el cual se expon, de modo sucinto, el elemento fiduciario que exixte en ambas acciones directivas.
650 1 4 _aÉtica y empresa
_xAgencia estatal
_92533
650 2 4 _aÉtica pública
_92534
650 2 4 _aÉtica profesional
_92535
700 1 _aMoreno Escobar, Jaime
_eautor
_92536
942 _2ddc
_cBK